000
00291nam a22001217a 4500
008
180629b xxu||||| |||| 00| 0 eng d
041
_a
eng
080
_a
321
100
_a
19
101
_a
SHP
245
_a
Nations in Transit 1998
_c
Karatnycky, A & Motyl, A & Graybow, Ch
942
_2
udc
_c
BK
999
_c
46639
_d
46639